Gunna Songs by Emoji - Statistics

General Stats
  • This quiz has been taken 228 times
  • The average score is 7 of 15
Answer Stats
Hint Answer % Correct
πŸ₯΅πŸ”₯ Hot (feat. Gunna)
95%
⛷️ Ski
72%
🍞🧈 bread & butter
62%
πŸ”™πŸš€πŸŒ™ back to the moon
61%
πŸ„β€β™‚οΈ Surf (feat. Gunna)
57%
πŸš«πŸ•°οΈ No Time (feat. Gunna)
56%
πŸ‘ΆπŸ‘œ Baby Birkin
52%
β˜οΈπŸ“ž One Call
49%
πŸ‘¨β€πŸ¦²πŸ‘¨β€πŸ¦²πŸ‘¨β€πŸ¦²πŸ 3 Headed Snake (feat. Young Thug)
46%
πŸ’ΈπŸ”›πŸ™†β€β™‚οΈ DOLLAZ ON MY HEAD (feat. Young Thug)
40%
πŸš€πŸ‘¨β€πŸš€ Space Cadet (feat. Gunna)
40%
πŸ‘‘πŸ¦ King Kong (feat. Young Thug)
38%
πŸ›£οΈπŸ§Ή STREET SWEEPER (feat. Future)
37%
πŸ’°πŸ§₯ 25k jacket (feat. Lil Baby)
15%
πŸ‘©β€πŸŽ€πŸοΈβ›“οΈ ROCKSTARS BIKERS & CHAINS
10%
No matching quizzes found
Score Distribution
Percent of People with Each Score
Percentile by Number Answered
Your Score History
You have not taken this quiz